[Event "Brasilia Almeida Vas Memorial 2nd"]
[Site "Brasilia"]
[Date "2011.02.??"]
[Round "7"]
[White "Cubas, Jose Fernando"]
[Black "Stamenkovic, Dragan"]
[Result "1-0"]
[WhiteElo "2463"]
[BlackElo "2370"]
[PlyCount "119"]
[EventDate "2011.02.20"]
[EventType "tourn"]
[EventRounds "9"]
[EventCountry "BRA"]
[EventCategory "4"]
[SourceTitle "CBM 141 Extra"]
[Source "ChessBase"]
[SourceDate "2011.05.03"]
[SourceVersion "1"]
[SourceVersionDate "2011.05.03"]
[SourceQuality "1"]

1. e4 c5 2. Nf3 Nc6 3. d4 cxd4 4. Nxd4 Nf6 5. Nc3 d6 6. Be2 e5 7. Nf3 h6 8. O-O
Be7 9. Re1 O-O 10. Bf1 a5 11. b3 Re8 12. Bb2 Bf8 13. h3 Be6 14. Qd2 Qb6 15. Na4
Qa7 16. c4 Nd7 17. Nc3 Nc5 18. Rad1 Red8 19. Nd5 Nb4 20. Nc7 Rac8 21. Nxe6 Nxe6
22. Bc3 Nc6 23. h4 Be7 24. g3 Bf6 25. Bh3 Ra8 26. Bxe6 fxe6 27. Nh2 b6 28. Ng4
Be7 29. f4 b5+ 30. Kh1 bxc4 31. bxc4 Qc5 32. Ne3 exf4 33. gxf4 Qh5 34. Qg2
Qxh4+ 35. Kg1 Bf8 36. Ng4 e5 37. Re3 Kh7 38. Rh3 Qe7 39. f5 Qf7 40. Rf1 Rab8
41. f6 g5 42. Bd2 Qg6 43. f7 Bg7 44. Nxh6 Bxh6 45. Qxg5 Rg8 46. fxg8=Q+ Rxg8
47. Rf7+ Kh8 48. Kh2 Qxg5 49. Bxg5 Rxg5 50. Rxh6+ Kg8 51. Rf2 Kg7 52. Rxd6 Rh5+
53. Kg1 Nd4 54. c5 Rh3 55. c6 Rc3 56. Rd7+ Kg6 57. c7 Nb5 58. Rd5 Nxc7 59. Rxa5
Ne6 60. Ra6 1-0

[Event "Brasilia Almeida Vas Memorial 2nd"]
[Site "Brasilia"]
[Date "2011.02.??"]
[Round "8"]
[White "Neubauer, Martin"]
[Black "Cubas, Jose Fernando"]
[Result "1/2-1/2"]
[WhiteElo "2433"]
[BlackElo "2463"]
[PlyCount "88"]
[EventDate "2011.02.20"]
[EventType "tourn"]
[EventRounds "9"]
[EventCountry "BRA"]
[EventCategory "4"]
[SourceTitle "CBM 141 Extra"]
[Source "ChessBase"]
[SourceDate "2011.05.03"]
[SourceVersion "1"]
[SourceVersionDate "2011.05.03"]
[SourceQuality "1"]

1. e4 e6 2. d4 d5 3. Nc3 Nf6 4. Bg5 Bb4 5. e5 h6 6. Bd2 Bxc3 7. bxc3 Ne4 8. Qg4
g6 9. Bc1 c5 10. Bd3 Nxc3 11. dxc5 Qa5 12. Bd2 Qa4 13. h3 h5 14. Qf3 Ne4 15.
Bxe4 Qxe4+ 16. Qxe4 dxe4 17. Ne2 Bd7 18. O-O Bc6 19. Nd4 Nd7 20. Nxc6 bxc6 21.
Rfe1 O-O 22. Rxe4 Nxc5 23. Rc4 Nd7 24. Rxc6 Nxe5 25. Rc5 Nd7 26. Ra5 Rfc8 27.
Be3 a6 28. Rd1 Nf6 29. Rd6 Nd5 30. Bd4 Nb4 31. c3 Rc6 32. Rxc6 Nxc6 33. Rc5 Rc8
34. Bf6 Kf8 35. f3 Ke8 36. g4 hxg4 37. fxg4 Kd7 38. h4 e5 39. Bxe5 Nxe5 40.
Rxe5 Rc4 41. Rd5+ Ke6 42. Rd4 Rxc3 43. Ra4 a5 44. Kg2 Rc5 1/2-1/2

[Event "Brasilia Almeida Vas Memorial 2nd"]
[Site "Brasilia"]
[Date "2011.02.??"]
[Round "9"]
[White "Cubas, Jose Fernando"]
[Black "Aguiar, Lucas Teodoro Barbo"]
[Result "1/2-1/2"]
[WhiteElo "2463"]
[BlackElo "2130"]
[PlyCount "64"]
[EventDate "2011.02.20"]
[EventType "tourn"]
[EventRounds "9"]
[EventCountry "BRA"]
[EventCategory "4"]
[SourceTitle "CBM 141 Extra"]
[Source "ChessBase"]
[SourceDate "2011.05.03"]
[SourceVersion "1"]
[SourceVersionDate "2011.05.03"]
[SourceQuality "1"]

1. e4 e5 2. Nf3 Nc6 3. Bc4 Nf6 4. d3 d5 5. exd5 Nxd5 6. O-O Be7 7. Re1 Bg4 8.
h3 Bh5 9. Nbd2 O-O 10. Ne4 Nb6 11. Bb3 a5 12. c3 a4 13. Bc2 f5 14. Ng3 Bxf3 15.
Qxf3 Qd7 16. b4 axb3 17. Bxb3+ Kh8 18. Rb1 Rae8 19. Bb2 Bd6 20. Rbd1 e4 21.
dxe4 fxe4 22. Qe2 e3 23. fxe3 Qe7 24. Nh5 Qe5 25. g4 Bc5 26. c4 Bxe3+ 27. Qxe3
Qxb2 28. Qxe8 Qf2+ 29. Kh1 Qf3+ 30. Kg1 Qf2+ 31. Kh1 Qf3+ 32. Kg1 Qf2+ 1/2-1/2

[Event "Paulista-chT"]
[Site "Sao Paolo"]
[Date "2011.02.26"]
[Round "1"]
[White "Mandetta, Joao Danilo"]
[Black "Cubas, Jose Fernando"]
[Result "0-1"]
[WhiteElo "2121"]
[BlackElo "2463"]
[PlyCount "132"]
[EventDate "2011.02.26"]
[EventType "team-tourn"]
[EventRounds "7"]
[EventCountry "BRA"]
[SourceTitle "CBM 141 Extra"]
[Source "ChessBase"]
[SourceDate "2011.05.03"]
[SourceVersion "1"]
[SourceVersionDate "2011.05.03"]
[SourceQuality "1"]
[WhiteTeam "CXS II"]
[BlackTeam "CXS"]
[WhiteTeamCountry "BRA"]
[BlackTeamCountry "BRA"]

1. c4 e5 2. g3 Nf6 3. Bg2 Nc6 4. Nc3 g6 5. Nf3 Bg7 6. O-O O-O 7. d3 d6 8. Rb1
a5 9. Bg5 h6 10. Bxf6 Qxf6 11. a3 Nd4 12. Nd2 h5 13. e3 Nf5 14. b4 axb4 15.
axb4 h4 16. c5 hxg3 17. hxg3 c6 18. b5 dxc5 19. bxc6 bxc6 20. Nce4 Qe7 21. Rc1
Ba6 22. Nxc5 Bb5 23. Qc2 Rfd8 24. Rfd1 Bh6 25. Nf1 Bf8 26. Be4 Rd6 27. Rb1 Re8
28. Ra1 Ng7 29. Ra2 Ne6 30. Rda1 Nxc5 31. Qxc5 f5 32. Bf3 Rxd3 33. Qc2 Rd6 34.
Be2 Bxe2 35. Qxe2 e4 36. Ra7 Qe6 37. Qb2 Rd7 38. Qc2 Bg7 39. R1a6 Rxa7 40. Rxa7
Rc8 41. Qc5 Qe5 42. Qc4+ Kh7 43. Qf7 Re8 44. Nd2 Re6 45. Nc4 Qf6 46. Qd7 g5 47.
Ra4 Kg6 48. g4 fxg4 49. Qd1 Qf3 50. Qd7 Qf6 51. Qd1 Kh5 52. Ra7 Re7 53. Ra6 Qe6
54. Na5 Rd7 55. Qc2 g3 56. Qe2+ Qg4 57. Qxg4+ Kxg4 58. Nxc6 Rd1+ 59. Kg2 Rd2
60. Ra5 Rxf2+ 61. Kg1 Rc2 62. Nb4 Rb2 63. Nd5 Kh3 64. Ra1 Rg2+ 65. Kh1 Bxa1 66.
Nf4+ gxf4 0-1

[Event "Paulista-chT"]
[Site "Sao Paolo"]
[Date "2011.02.26"]
[Round "2"]
[White "Cubas, Jose Fernando"]
[Black "Santos, Marcus Vinicius M"]
[Result "1/2-1/2"]
[WhiteElo "2463"]
[BlackElo "2365"]
[PlyCount "113"]
[EventDate "2011.02.26"]
[EventType "team-tourn"]
[EventRounds "7"]
[EventCountry "BRA"]
[SourceTitle "CBM 141 Extra"]
[Source "ChessBase"]
[SourceDate "2011.05.03"]
[SourceVersion "1"]
[SourceVersionDate "2011.05.03"]
[SourceQuality "1"]
[WhiteTeam "CXS"]
[BlackTeam "Santo Andre"]
[WhiteTeamCountry "BRA"]
[BlackTeamCountry "BRA"]

1. e4 e5 2. Nf3 Nc6 3. Bc4 Nf6 4. d3 d5 5. exd5 Nxd5 6. O-O Bg4 7. h3 Bh5 8.
Re1 Be7 9. g4 Bg6 10. Nxe5 Nxe5 11. Rxe5 Nb6 12. Bb3 O-O 13. Nc3 Kh8 14. Qf3
Nd7 15. Re2 f5 16. g5 Bxg5 17. Bxg5 Qxg5+ 18. Qg3 Qh6 19. f4 Nf6 20. Nd5 Nh5
21. Qg5 c6 22. Qxh6 gxh6 23. Nc7 Nxf4 24. Re7 Rad8 25. Kh2 Bh5 26. Rf1 Ng6 27.
Ree1 Rd6 28. Ne6 Re8 29. Kg3 Rg8 30. Nf4 Nxf4+ 31. Kxf4 Rf8 32. Re7 Rd4+ 33.
Ke5 Rb4 34. c4 Bg6 35. Rf4 a5 36. c5 Rb5 37. d4 a4 38. Bxa4 Rxb2 39. Bb3 Re2+
40. Kd6 Rxe7 41. Kxe7 Re8+ 42. Kd6 Re4 43. Rxe4 fxe4 44. Kc7 e3 45. Bc4 Bf7 46.
Be2 Bxa2 47. Kd6 Kg7 48. Ke5 Kg6 49. Kf4 Be6 50. h4 Kf6 51. Bd3 Bf5 52. Bf1 Bh3
53. Bd3 Bf5 54. Bf1 Bh3 55. Be2 Be6 56. Bd3 Bf5 57. Bf1 1/2-1/2

[Event "Paulista-chT"]
[Site "Sao Paolo"]
[Date "2011.02.27"]
[Round "3.1"]
[White "Dias, Andre Luiz Alexandr"]
[Black "Cubas, Jose Fernando"]
[Result "0-1"]
[WhiteElo "2054"]
[BlackElo "2463"]
[PlyCount "80"]
[EventDate "2011.02.26"]
[EventType "team-tourn"]
[EventRounds "7"]
[EventCountry "BRA"]
[SourceTitle "CBM 141 Extra"]
[Source "ChessBase"]
[SourceDate "2011.05.03"]
[SourceVersion "1"]
[SourceVersionDate "2011.05.03"]
[SourceQuality "1"]
[WhiteTeam "Sao Jose Guaira"]
[BlackTeam "CXS"]
[WhiteTeamCountry "BRA"]
[BlackTeamCountry "BRA"]

1. Nf3 Nf6 2. g3 d5 3. d3 c6 4. Bg2 Bf5 5. Nbd2 e6 6. b3 h6 7. Bb2 Be7 8. c4
O-O 9. O-O a5 10. Qc2 a4 11. bxa4 Qa5 12. Bc3 Qa6 13. Nd4 Bg6 14. Qb3 Nbd7 15.
a5 e5 16. N4f3 d4 17. Bb4 c5 18. Ba3 Qxa5 19. Bc1 Ra7 20. Nh4 Bh7 21. Bh3 Re8
22. a3 Bf8 23. f3 Nb6 24. Ne4 Be7 25. Bd2 Qa6 26. Nxf6+ Bxf6 27. Nf5 Na4 28.
Rfb1 Bg5 29. Be1 Qe6 30. g4 Bxf5 31. gxf5 Be3+ 32. Kh1 Qf6 33. Qb5 Rea8 34. Qd7
b6 35. Qb5 Nc3 36. Bxc3 dxc3 37. Qb3 Qh4 38. Bg2 Bf4 39. Kg1 Qxh2+ 40. Kf1 Be3
0-1

[Event "Paulista-chT"]
[Site "Sao Paolo"]
[Date "2011.02.27"]
[Round "4.1"]
[White "Palozi, Paulo Ricardo"]
[Black "Cubas, Jose Fernando"]
[Result "1/2-1/2"]
[WhiteElo "2258"]
[BlackElo "2463"]
[PlyCount "81"]
[EventDate "2011.02.26"]
[EventType "team-tourn"]
[EventRounds "7"]
[EventCountry "BRA"]
[SourceTitle "CBM 141 Extra"]
[Source "ChessBase"]
[SourceDate "2011.05.03"]
[SourceVersion "1"]
[SourceVersionDate "2011.05.03"]
[SourceQuality "1"]
[WhiteTeam "Hebraica"]
[BlackTeam "CXS"]
[WhiteTeamCountry "BRA"]
[BlackTeamCountry "BRA"]

1. d4 Nf6 2. c4 e6 3. Nf3 c5 4. Nc3 cxd4 5. Nxd4 Bb4 6. Bd2 O-O 7. e3 Nc6 8. a3
Be7 9. Nf3 b6 10. Be2 Bb7 11. O-O Rc8 12. Rc1 Qc7 13. Nb5 Qb8 14. Rc2 Rfd8 15.
Bc3 e5 16. Be1 e4 17. Nfd4 a6 18. Nc3 Ne5 19. Nf5 Bf8 20. Nd5 Nxd5 21. cxd5
Rxc2 22. Qxc2 g6 23. Nd4 Bxd5 24. Bxa6 Ng4 25. g3 Ne5 26. Bc3 Re8 27. Rd1 Ba8
28. Nb5 Nd3 29. Nd4 Ne5 30. Nb5 Nf3+ 31. Kg2 Bc6 32. Qb3 Re6 33. a4 g5 34. Nd4
Rh6 35. Nxc6 Rxh2+ 36. Kf1 dxc6 37. Rd7 Be7 38. Rxe7 Rh1+ 39. Ke2 Ng1+ 40. Kf1
Nf3+ 41. Ke2 1/2-1/2

[Event "Paulista-chT"]
[Site "Sao Paolo"]
[Date "2011.03.12"]
[Round "5.1"]
[White "Cubas, Jose Fernando"]
[Black "Herbst Neto, Eugenio"]
[Result "1-0"]
[WhiteElo "2463"]
[BlackElo "1929"]
[PlyCount "39"]
[EventDate "2011.02.26"]
[EventType "team-tourn"]
[EventRounds "7"]
[EventCountry "BRA"]
[SourceTitle "CBM 141 Extra"]
[Source "ChessBase"]
[SourceDate "2011.05.03"]
[SourceVersion "1"]
[SourceVersionDate "2011.05.03"]
[SourceQuality "1"]
[WhiteTeam "CXS"]
[BlackTeam "Sorocaba/Unimed"]
[WhiteTeamCountry "BRA"]
[BlackTeamCountry "BRA"]

1. e4 c6 2. d4 d5 3. e5 Bf5 4. Ne2 e6 5. Ng3 Bg6 6. h4 h6 7. h5 Bh7 8. Bd3 Bxd3
9. Qxd3 c5 10. c3 Nc6 11. O-O cxd4 12. cxd4 Qb6 13. Be3 Nb4 14. Qb3 Rc8 15. Nc3
f5 16. Rac1 Qa6 17. Nxf5 Ne7 18. Nd6+ Kd7 19. Qxb4 Nc6 20. Qb3 1-0

[Event "Paulista-chT"]
[Site "Sao Paolo"]
[Date "2011.03.13"]
[Round "7.1"]
[White "Cubas, Jose Fernando"]
[Black "Vescovi, Giovanni P"]
[Result "1/2-1/2"]
[WhiteElo "2463"]
[BlackElo "2631"]
[PlyCount "131"]
[EventDate "2011.02.26"]
[EventType "team-tourn"]
[EventRounds "7"]
[EventCountry "BRA"]
[SourceTitle "CBM 141 Extra"]
[Source "ChessBase"]
[SourceDate "2011.05.03"]
[SourceVersion "1"]
[SourceVersionDate "2011.05.03"]
[SourceQuality "1"]
[WhiteTeam "CXS"]
[BlackTeam "Pinheiros"]
[WhiteTeamCountry "BRA"]
[BlackTeamCountry "BRA"]

1. e4 c5 2. Nf3 d6 3. d4 cxd4 4. Nxd4 Nf6 5. Nc3 a6 6. Bc4 e6 7. Bb3 Nbd7 8.
Bg5 Nc5 9. f4 Be7 10. Qe2 h6 11. Bxf6 Bxf6 12. O-O-O Qc7 13. Kb1 O-O 14. g4 b5
15. g5 hxg5 16. fxg5 Be5 17. g6 Nxb3 18. gxf7+ Rxf7 19. axb3 Qc5 20. Nf3 Bxc3
21. bxc3 Qh5 22. Rd3 Bb7 23. Qe3 Qxf3 24. Qxf3 Rxf3 25. Rxf3 Bxe4 26. Rhf1 Bxf3
27. Rxf3 Rf8 28. Rd3 Rd8 29. Rf3 e5 30. c4 bxc4 31. bxc4 Rc8 32. Rd3 Rc6 33. c5
dxc5 34. Rd5 e4 35. Re5 Rh6 36. Rxe4 Rxh2 37. Re5 c4 38. Re4 Rh6 39. Rxc4 g5
40. Rc8+ Kf7 41. Kc1 g4 42. Kd2 g3 43. Ke2 Rf6 44. Rc7+ Kf8 45. Rc3 Rg6 46. Kf1
g2+ 47. Kg1 Ke7 48. Rc8 Kd7 49. Rc4 a5 50. Ra4 Rg5 51. c4 Kc6 52. Ra2 Kb6 53.
Ra4 Ka6 54. Ra2 Rg8 55. Ra3 Rc8 56. Ra4 Rb8 57. Ra2 Rb4 58. Kxg2 Rxc4 59. Kf3
a4 60. Ke3 Ka5 61. Kd3 Rh4 62. Rg2 a3 63. Kc3 Ka4 64. Rg8 Rh3+ 65. Kc2 Rh2+ 66.
Kb1 1/2-1/2

[Event "Mangini Memorial"]
[Site "Rio de Janeiro"]
[Date "2011.04.05"]
[Round "6"]
[White "Cubas, Jose Fernando"]
[Black "Barbosa, Evandro Amorim"]
[Result "1-0"]
[WhiteElo "2463"]
[BlackElo "2319"]
[PlyCount "145"]
[EventDate "2011.03.29"]
[EventType "tourn"]
[EventRounds "9"]
[EventCountry "BRA"]
[EventCategory "3"]
[SourceTitle "CBM 141 Extra"]
[Source "ChessBase"]
[SourceDate "2011.05.03"]
[SourceVersion "1"]
[SourceVersionDate "2011.05.03"]
[SourceQuality "1"]

1. e4 c5 2. Nf3 Nc6 3. d4 cxd4 4. Nxd4 Nf6 5. Nc3 e5 6. Ndb5 d6 7. Nd5 Nxd5 8.
exd5 Nb8 9. c4 a6 10. Nc3 Be7 11. Be2 O-O 12. O-O f5 13. f3 Bg5 14. Bxg5 Qxg5
15. Qc1 Qh4 16. Qe1 Qh6 17. b4 Nd7 18. Rc1 Rb8 19. Qf2 b6 20. Rfd1 g5 21. Na4
e4 22. fxe4 f4 23. c5 bxc5 24. bxc5 Ne5 25. Nb6 g4 26. g3 Bd7 27. Nxd7 Nxd7 28.
c6 Ne5 29. c7 Rbc8 30. Bxa6 fxg3 31. Qxg3 Rf3 32. Qg2 Qe3+ 33. Kh1 Rf2 34. Rc3
Qxc3 35. Qxf2 Rxc7 36. Be2 Rf7 37. Qg3 Qxg3 38. hxg3 Ra7 39. Ra1 Ra3 40. Kg2 h5
41. Bd1 Rd3 42. a4 Rd2+ 43. Kf1 Nc4 44. Be2 Na5 45. Kf2 Kg7 46. Ke3 Rb2 47. e5
dxe5 48. d6 Kf6 49. d7 Rb3+ 50. Kf2 Ke7 51. Rd1 Nc6 52. Rd5 e4 53. Bb5 Rf3+ 54.
Kg2 Nd8 55. Re5+ Kd6 56. Re8 Kc7 57. Rxe4 Rf5 58. Rf4 Rd5 59. Kf2 Ne6 60. Rc4+
Nc5 61. Ke3 Kd8 62. Rd4 Re5+ 63. Kf4 Re1 64. Rc4 Ne6+ 65. Kf5 Ke7 66. Re4 Rxe4
67. Kxe4 Ng5+ 68. Ke3 Nf7 69. Kf4 Nd6 70. Bc6 Kd8 71. Kg5 Kc7 72. Kxh5 Nf7 73.
Bb5 1-0

[Event "Mangini Memorial"]
[Site "Rio de Janeiro"]
[Date "2011.04.06"]
[Round "7"]
[White "De Carvalho, Jose Jorge"]
[Black "Cubas, Jose Fernando"]
[Result "0-1"]
[WhiteElo "2208"]
[BlackElo "2463"]
[PlyCount "90"]
[EventDate "2011.03.29"]
[EventType "tourn"]
[EventRounds "9"]
[EventCountry "BRA"]
[EventCategory "3"]
[SourceTitle "CBM 141 Extra"]
[Source "ChessBase"]
[SourceDate "2011.05.03"]
[SourceVersion "1"]
[SourceVersionDate "2011.05.03"]
[SourceQuality "1"]

1. d4 Nf6 2. c4 e6 3. Nc3 d5 4. cxd5 exd5 5. Bg5 Be7 6. e3 O-O 7. Bd3 Nbd7 8.
Nge2 Re8 9. O-O Nf8 10. f3 Be6 11. Bh4 a6 12. Kh1 c5 13. dxc5 Bxc5 14. Nd4 Ng6
15. Bxg6 hxg6 16. Qd2 Qd6 17. Bg3 Qe7 18. Rfd1 Rad8 19. Rac1 Bc8 20. Bf2 g5 21.
Qc2 Ba7 22. Nce2 Bb8 23. Rd3 g6 24. Rc3 Bd7 25. Bg3 Bxg3 26. hxg3 g4 27. Qb3
Nh5 28. Kg1 gxf3 29. gxf3 Bb5 30. Nxb5 axb5 31. Kf2 d4 32. Nxd4 Qg5 33. Ne2
Nxg3 34. Rc7 Re6 35. Rc8 Ne4+ 36. fxe4 Rf6+ 37. Nf4 Qh4+ 38. Kf3 Qh3+ 39. Ke2
Qg4+ 40. Ke1 Rxc8 41. Rxc8+ Qxc8 42. e5 Qc1+ 43. Ke2 Rc6 44. e6 fxe6 45. Nxe6
Qc2+ 0-1

[Event "Mangini Memorial"]
[Site "Rio de Janeiro"]
[Date "2011.04.07"]
[Round "8"]
[White "Cubas, Jose Fernando"]
[Black "De Paiva, Pedro Henrique"]
[Result "1-0"]
[WhiteElo "2463"]
[BlackElo "2242"]
[PlyCount "43"]
[EventDate "2011.03.29"]
[EventType "tourn"]
[EventRounds "9"]
[EventCountry "BRA"]
[EventCategory "3"]
[SourceTitle "CBM 141 Extra"]
[Source "ChessBase"]
[SourceDate "2011.05.03"]
[SourceVersion "1"]
[SourceVersionDate "2011.05.03"]
[SourceQuality "1"]

1. e4 c5 2. Nf3 d6 3. d4 cxd4 4. Nxd4 Nf6 5. Nc3 a6 6. Bc4 e6 7. Bb3 Nbd7 8.
Bg5 Nc5 9. f4 Be7 10. Qf3 Qc7 11. O-O b5 12. f5 O-O 13. a3 Kh8 14. Ba2 Qb6 15.
Be3 b4 16. axb4 Qxb4 17. Nc6 Qb7 18. Nxe7 Qxe7 19. e5 dxe5 20. Qxa8 Bb7 21. Qa7
Nfd7 22. fxe6 1-0

[Event "Mangini Memorial"]
[Site "Rio de Janeiro"]
[Date "2011.04.08"]
[Round "9"]
[White "Abdalla, Luiz Guilherme"]
[Black "Cubas, Jose Fernando"]
[Result "0-1"]
[WhiteElo "2322"]
[BlackElo "2463"]
[PlyCount "134"]
[EventDate "2011.03.29"]
[EventType "tourn"]
[EventRounds "9"]
[EventCountry "BRA"]
[EventCategory "3"]
[SourceTitle "CBM 141 Extra"]
[Source "ChessBase"]
[SourceDate "2011.05.03"]
[SourceVersion "1"]
[SourceVersionDate "2011.05.03"]
[SourceQuality "1"]

1. d4 Nf6 2. c4 e6 3. Nc3 c5 4. d5 exd5 5. cxd5 d6 6. Nf3 g6 7. g3 Bg7 8. Bg2
O-O 9. O-O Nbd7 10. Nd2 Re8 11. h3 a6 12. a4 Rb8 13. Nc4 Qc7 14. Bf4 Bf8 15. a5
Nh5 16. Bd2 Ne5 17. Nb6 f5 18. Kh2 Bg7 19. f4 Nf7 20. Qa4 Nf6 21. e4 fxe4 22.
Nxe4 Bf5 23. Nxf6+ Bxf6 24. g4 Bd3 25. Nd7 Bxb2 26. Nxb8 Bb5 27. Qc2 Bxa1 28.
Rxa1 Qxb8 29. Be4 Qd8 30. g5 Kf8 31. Re1 Bd7 32. Bc3 Bc8 33. Rf1 Qe7 34. Re1
Qd7 35. Re3 Qb5 36. Bd3 Qd7 37. Rg3 Qe7 38. h4 c4 39. Bxc4 Qe4 40. Qc1 Bf5 41.
Bd3 Qxd5 42. Bxf5 Re2+ 43. Kg1 Qc5+ 44. Kh1 Qxf5 45. Qf1 Qd5+ 46. Kg1 Qc5+ 47.
Kh1 Re3 48. Rxe3 Qxe3 49. Bf6 d5 50. Be5 d4 51. Qc4 Nxe5 52. Qc5+ Kf7 53. fxe5
Qh3+ 54. Kg1 Qg3+ 55. Kf1 Qf3+ 56. Kg1 d3 57. Qc4+ Ke7 58. Qc5+ Ke6 59. Qd6+
Kf5 60. e6 Qe3+ 61. Kg2 Qxe6 62. Qf8+ Ke4 63. Qb4+ Kf5 64. Qf8+ Kg4 65. Qf3+
Kxh4 66. Qg3+ Kh5 67. Qxd3 Qg4+ 0-1

[Event "Sao Paulo Braga op"]
[Site "Sao Paulo"]
[Date "2011.04.20"]
[Round "1"]
[White "Araujo, Renan Aparecido"]
[Black "Cubas, Jose Fernando"]
[Result "0-1"]
[WhiteElo "1917"]
[BlackElo "2463"]
[PlyCount "42"]
[EventDate "2011.04.20"]
[EventType "swiss"]
[EventRounds "9"]
[EventCountry "BRA"]
[SourceTitle "CBM 141 Extra"]
[Source "ChessBase"]
[SourceDate "2011.05.03"]
[SourceVersion "1"]
[SourceVersionDate "2011.05.03"]
[SourceQuality "1"]

1. d4 Nf6 2. c4 e6 3. Nf3 c5 4. d5 exd5 5. cxd5 d6 6. Nc3 g6 7. g3 Bg7 8. Bg2
O-O 9. O-O Re8 10. Nd2 Nbd7 11. Nc4 Ne5 12. Nxe5 Rxe5 13. e4 b5 14. Bf4 Re8 15.
Nxb5 Nxe4 16. Re1 a6 17. Bxe4 axb5 18. Qd2 Qf6 19. b3 Rxe4 20. Bg5 Qxa1 21.
Rxa1 Bxa1 0-1

[Event "Sao Paulo Braga op"]
[Site "Sao Paulo"]
[Date "2011.04.21"]
[Round "2"]
[White "Cubas, Jose Fernando"]
[Black "Costa, Paulo Cesar"]
[Result "1/2-1/2"]
[WhiteElo "2463"]
[BlackElo "2078"]
[PlyCount "102"]
[EventDate "2011.04.20"]
[EventType "swiss"]
[EventRounds "9"]
[EventCountry "BRA"]
[SourceTitle "CBM 141 Extra"]
[Source "ChessBase"]
[SourceDate "2011.05.03"]
[SourceVersion "1"]
[SourceVersionDate "2011.05.03"]
[SourceQuality "1"]

1. e4 e6 2. d4 d5 3. e5 c5 4. c3 Qb6 5. Nf3 Bd7 6. a3 Bb5 7. Bxb5+ Qxb5 8. a4
Qd7 9. O-O Nc6 10. Be3 cxd4 11. cxd4 Nge7 12. Nc3 a6 13. Rc1 Nf5 14. g4 Nxe3
15. fxe3 Be7 16. Rc2 O-O 17. g5 f6 18. exf6 gxf6 19. g6 hxg6 20. Rg2 Kf7 21. e4
dxe4 22. Nxe4 f5 23. b4 Ke8 24. b5 axb5 25. axb5 fxe4 26. bxc6 Qxc6 27. Ne5 Qa4
28. Rxf8+ Bxf8 29. Rc2 Rd8 30. Nxg6 Bc5 31. Kg2 Qxd4 32. Qf1 b6 33. Nf4 e3 34.
Qf3 Qf6 35. Kf1 e2+ 36. Kxe2 Qe5+ 37. Kf1 Qa1+ 38. Kg2 Qg7+ 39. Kh3 Qh7+ 40.
Qh5+ Qxh5+ 41. Nxh5 Kf7 42. Kg4 Rd4+ 43. Kf3 Rd3+ 44. Kg4 Rd4+ 45. Kf3 Rd3+ 46.
Kg2 e5 47. Ng3 Ke6 48. h4 Rd8 49. Ne4 Rh8 50. Nxc5+ bxc5 51. Rxc5 Rxh4 1/2-1/2

[Event "Sao Paulo Braga op"]
[Site "Sao Paulo"]
[Date "2011.04.21"]
[Round "3"]
[White "Gerbelli Neto, Eduardo"]
[Black "Cubas, Jose Fernando"]
[Result "0-1"]
[WhiteElo "2160"]
[BlackElo "2463"]
[PlyCount "74"]
[EventDate "2011.04.20"]
[EventType "swiss"]
[EventRounds "9"]
[EventCountry "BRA"]
[SourceTitle "CBM 141 Extra"]
[Source "ChessBase"]
[SourceDate "2011.05.03"]
[SourceVersion "1"]
[SourceVersionDate "2011.05.03"]
[SourceQuality "1"]

1. e4 c5 2. Nc3 Nc6 3. f4 g6 4. Nf3 Bg7 5. Bc4 e6 6. f5 Ne5 7. Nxe5 Bxe5 8. Qf3
gxf5 9. d3 Qh4+ 10. g3 Qg4 11. Qf2 b6 12. Bf4 Bd4 13. Qd2 a6 14. Na4 e5 15. Bg5
f4 16. Bh4 b5 17. Nb6 Rb8 18. Nxc8 Rxc8 19. Bd5 Ne7 20. c3 Nxd5 21. exd5 Be3
22. Qe2 Qg6 23. Rf1 O-O 24. Be7 Rfe8 25. d6 h6 26. Rd1 Kh7 27. Qf3 Rg8 28. Qe4
c4 29. Qxg6+ fxg6 30. Ke2 g5 31. Kf3 g4+ 32. Ke4 cxd3 33. Rxd3 Rc4+ 34. Kxe5
Rg6 35. b4 f3 36. h4 gxh3 37. Rxf3 h2 0-1

[Event "Sao Paulo Braga op"]
[Site "Sao Paulo"]
[Date "2011.04.22"]
[Round "4"]
[White "Cubas, Jose Fernando"]
[Black "Umetsubo, Cesar Hidemitsu"]
[Result "1/2-1/2"]
[WhiteElo "2463"]
[BlackElo "2176"]
[PlyCount "143"]
[EventDate "2011.04.20"]
[EventType "swiss"]
[EventRounds "9"]
[EventCountry "BRA"]
[SourceTitle "CBM 141 Extra"]
[Source "ChessBase"]
[SourceDate "2011.05.03"]
[SourceVersion "1"]
[SourceVersionDate "2011.05.03"]
[SourceQuality "1"]

1. e4 e5 2. Nf3 Nf6 3. Nc3 Nc6 4. d4 exd4 5. Nxd4 Bb4 6. Nxc6 bxc6 7. Bd3 d5 8.
exd5 cxd5 9. O-O O-O 10. Bg5 c6 11. Qf3 h6 12. Bxf6 Qxf6 13. Qxf6 gxf6 14. Ne2
Re8 15. Ng3 Re5 16. f4 Bc5+ 17. Kh1 Re3 18. Rae1 Kf8 19. Rxe3 Bxe3 20. Nh5 Rb8
21. b3 Bd4 22. h3 Bd7 23. Re1 c5 24. c4 dxc4 25. Bxc4 Bc6 26. Kh2 Rd8 27. Ng3
Bc3 28. Re2 Bd2 29. Nh5 Rd4 30. f5 Bg5 31. Rf2 a5 32. Bf1 Re4 33. Rc2 Re5 34.
g4 Ke7 35. Bg2 Bb5 36. Kg3 Re3+ 37. Kf2 Rd3 38. Bf3 Be3+ 39. Kg2 a4 40. bxa4
Bxa4 41. Rc4 Rd2+ 42. Kg3 Bf2+ 43. Kf4 Rd4+ 44. Rxd4 Bxd4 45. Be2 Be5+ 46. Ke3
Kd6 47. Bc4 Kc6 48. Bxf7 Kb6 49. Nf4 Bc6 50. Bc4 Bd4+ 51. Kd3 Be5 52. Ng6 Bd4
53. Nf4 Be5 54. Ke3 Bd4+ 55. Kd2 Ka5 56. Ne6 Bg1 57. h4 Kb4 58. g5 fxg5 59. f6
Bh2 60. f7 Bd6 61. hxg5 hxg5 62. Be2 Bd5 63. f8=Q Bxf8 64. Nxf8 Bxa2 65. Nh7 c4
66. Nxg5 c3+ 67. Kc1 Bd5 68. Bd3 Kc5 69. Be4 Bxe4 70. Nxe4+ Kd4 71. Nf2 c2 72.
Kxc2 1/2-1/2

[Event "Sao Paulo Braga op"]
[Site "Sao Paulo"]
[Date "2011.04.23"]
[Round "6"]
[White "Cubas, Jose Fernando"]
[Black "Gisclan, Heverton"]
[Result "1-0"]
[WhiteElo "2463"]
[BlackElo "2255"]
[PlyCount "109"]
[EventDate "2011.04.20"]
[EventType "swiss"]
[EventRounds "9"]
[EventCountry "BRA"]
[SourceTitle "CBM 141 Extra"]
[Source "ChessBase"]
[SourceDate "2011.05.03"]
[SourceVersion "1"]
[SourceVersionDate "2011.05.03"]
[SourceQuality "1"]

1. e4 e5 2. Nc3 Nf6 3. f4 d5 4. fxe5 Nxe4 5. Nf3 Bc5 6. Qe2 Bf2+ 7. Kd1 Nxc3+
8. dxc3 Bc5 9. Qb5+ Nd7 10. Bg5 Be7 11. Bxe7 Qxe7 12. Qxd5 O-O 13. Kc1 Rd8 14.
Qe4 Nc5 15. Qf4 Ne6 16. Qe3 c5 17. b3 Bd7 18. a4 a6 19. Bd3 Bc6 20. Kb2 b5 21.
axb5 axb5 22. Be4 Qb7 23. Bxc6 Qxc6 24. Rxa8 Rxa8 25. Ra1 Rxa1 26. Kxa1 b4 27.
Qd3 h6 28. cxb4 cxb4 29. Qc4 Qb6 30. Kb2 Qa5 31. Kb1 Nc7 32. Kc1 Nd5 33. Kd2
Nc3 34. e6 fxe6 35. Qxe6+ Kh8 36. Ke1 Qd8 37. Kf2 Qd1 38. Qc8+ Kh7 39. Qf5+ Kh8
40. Qd3 Qc1 41. Kg3 Nd1 42. Qd2 Qxd2 43. Nxd2 Ne3 44. Kf3 Nxc2 45. Ke4 Kh7 46.
Nf3 Kg6 47. Kd3 Na1 48. Nd4 Kg5 49. Kc4 g6 50. Kxb4 Kf4 51. Kc3 Nxb3 52. Kxb3
Ke3 53. Kc4 Kf2 54. g4 Kg2 55. Nf5 1-0